| 000 | 00839nas0a22002051i 4500 | ||
|---|---|---|---|
| 001 | v19\rc\2058861 | ||
| 005 | 20240723115057.0 | ||
| 035 | _a(NLR Aleph) 005135971 | ||
| 090 |
_a4755404 _c4755404 |
||
| 100 | _a20081111b1909 |||y0rusy50 ca | ||
| 101 | 0 | _arus | |
| 102 | _aRU | ||
| 105 | _ay z ||||| | ||
| 200 | 1 |
_aИзобретатель _eВестник новых изобретений, усовершенствований и открытий. Г. 1 |
|
| 210 |
_aСанкт-Петербург _cА.А. Хонев _d1909 |
||
| 801 | 0 |
_aRU _bNLR _gpsbo |
|
| 801 | 1 |
_aRU _bProSoft-M _2rusmarc |
|
| 830 | _aПеречень имеющихся в библиотеке томов, номеров, годов этого издания смотри в каталоге периодических изданий | ||
| 852 |
_aNLR _jСб. 24 |
||
| 942 | _cSE | ||